| 000 | 00833cam a2200241 a 4500 | ||
|---|---|---|---|
| 001 | 4507130 | ||
| 005 | 20171214072402.0 | ||
| 008 | 980619s1999 caua b s001 0 eng | ||
| 010 | _a 98028003 | ||
| 020 | _a0520214250 (alk. paper) | ||
| 040 |
_aDLC _cDLC _dDLC |
||
| 041 | _aeng | ||
| 043 | _ae-gx--- | ||
| 080 | _a305.489652 HEI | ||
| 082 | 0 | 0 |
_a305.489652 HEI _221 |
| 100 | 1 | _a48 | |
| 101 | _aPSI | ||
| 245 | 1 | 0 |
_aWhat difference does a husband make? : _cElizabeth D. Heineman. |
| 504 | _aIncludes bibliographical references (p. 323-364) and index. | ||
| 906 |
_a7 _bcbc _corignew _d1 _eocip _f19 _gy-gencatlg |
||
| 942 |
_2ddc _cBK |
||
| 999 |
_c38933 _d38933 |
||